[Event "World op"]
[Site "Philadelphia"]
[Date "1994.??.??"]
[Round "?"]
[White "Pelts, Peter"]
[Black "Ivanov, Igor V"]
[Result "0-1"]
[WhiteElo "2285"]
[BlackElo "2480"]

1.c4 g6 2.Nc3 Bg7 3.g3 Nf6 4.Bg2 O-O 5.Nf3 d6 6.O-O e5 7.d3 Nc6 8.Rb1 a5
9.a3 Re8 10.Nd2 Bg4 11.h3 Be6 12.Nd5 Qd7 13.Kh2 a4 14.Nxf6+ Bxf6 15.Ne4 Bg7
16.Ng5 Ra7 17.Bd2 Nd4 18.Bc3 b5 19.e3 Nb3 20.Nxe6 Rxe6 21.Qc2 Re8 22.Rbe1 Rb8
23.f4 c6 24.Re2 bxc4 25.dxc4 Qe6 26.Qe4 exf4 27.Qxe6 fxg3+ 28.Kxg3 fxe6 29.Bxg7 Kxg7
30.Bxc6 Rc8 31.Bb5 Rc5 32.Ref2 Re5 33.Rd1 Nc5 34.Kg2 Ne4 35.Rc2 Rc5 36.Rd4 d5
37.b4 axb3 38.Rb2 Rxa3  0-1

[Event "World op"]
[Site "Philadelphia"]
[Date "1994.??.??"]
[Round "?"]
[White "Ivanov, Igor V"]
[Black "Yermolinsky, Alex"]
[Result "0-1"]
[WhiteElo "2480"]
[BlackElo "2620"]

1.e4 c5 2.Nf3 d6 3.d4 cxd4 4.Nxd4 Nf6 5.Nc3 Nc6 6.Bc4 Qb6 7.Nb3 e6 8.O-O Be7
9.Be3 Qc7 10.f4 O-O 11.Be2 a6 12.a4 b6 13.Bf3 Rb8 14.g4 Nd7 15.g5 Re8 16.Bg2 Bf8
17.Qh5 Nb4 18.Rf2 Bb7 19.Raf1 Re7 20.Bc1 g6 21.Qh4 Nc5 22.Nd4 Bg7 23.Be3 Rbe8
24.Rd2 e5 25.fxe5 Rxe5 26.Bf4 Nxe4 27.Nxe4 Rxe4 28.Bxe4 Rxe4 29.c3 Nd5 30.Qg3 Nxf4
31.Rxf4 Be5 32.Rdf2 Bxf4 33.Rxf4 Qe7 34.Rxe4 Qxe4 35.Kf2 Kg7 36.Qxd6 Qg2+
37.Ke1 Qxg5 38.Qxb6 Qg1+ 39.Kd2 Qxh2+ 40.Ke3 Qe5+ 41.Kd2 Qf4+ 42.Kc2 Qe4+
43.Kd2 h5  0-1

[Event "Quebeck op"]
[Site "Quebec"]
[Date "1994.??.??"]
[Round "3"]
[White "Schleifer, Michael"]
[Black "Ivanov, Igor V"]
[Result "0-1"]
[WhiteElo "2245"]
[BlackElo "2480"]

1.d4 g6 2.c4 Bg7 3.Nc3 c5 4.e3 Nf6 5.Nf3 O-O 6.d5 d6 7.Be2 e5 8.dxe6 Bxe6
9.O-O Nc6 10.e4 Na5 11.b3 Nxe4 12.Nxe4 Bxa1 13.Bg5 f6 14.Bh6 Be5 15.Bxf8 Qxf8
16.Nxe5 dxe5 17.f4 Nc6 18.fxe5 f5 19.Ng5 Qe7 20.Qd6 Re8 21.Qxe7 Rxe7 22.Nxe6 Rxe6
23.Bf3 Rxe5 24.Bxc6 bxc6 25.Rd1 Kf7 26.Rd6 Re6 27.Rd7+ Re7 28.Rd8 Ke6 29.Kf1 Ke5
30.Ke2 g5 31.Rc8 Re6 32.Ra8 g4 33.Rxa7 Rh6 34.Kf2 Rxh2 35.Kg3 Rh1 36.Re7+ Kf6
37.Rc7 h5 38.Rh7 Kg5 39.Rg7+ Kh6 40.Rg8 Rf1 41.Kh4 f4 42.Rh8+ Kg6 43.Rg8+ Kf7
44.Rh8 g3 45.Rh6 Ke7 46.Rh7+ Kd6 47.Rh6+ Kc7 48.Rf6 f3  0-1

[Event "Quebeck op"]
[Site "Quebec"]
[Date "1994.??.??"]
[Round "4"]
[White "Ivanov, Igor V"]
[Black "Hebert, Jean"]
[Result "1/2-1/2"]
[WhiteElo "2480"]
[BlackElo "2395"]

1.d4 Nf6 2.c4 e6 3.g3 d5 4.Bg2 c6 5.Nd2 Nbd7 6.Ngf3 b5 7.c5 g6 8.O-O Bg7
9.Re1 O-O 10.e4 dxe4 11.Nxe4 Nxe4 12.Rxe4 Nxc5 13.Bg5 Nxe4 14.Bxd8 Rxd8 15.Qc2 Nd6
16.Qxc6 Bb7 17.Qc5 Nf5 18.Ne5 Bxg2 19.Kxg2 Nxd4 20.Re1 Rac8 21.Qxa7 Bxe5
22.Rxe5 Nc6 23.Qe3 Nxe5 24.Qxe5 Rd5 25.Qe2 Rc4 26.b3 Rcd4 27.Qc2 h5 28.a3 Rd2
29.Qc8+ Kh7 30.Qb7 Rf5 31.Qa7 Rd3 32.a4 bxa4 33.bxa4 Rdd5 34.h3 Kg7 35.Qe3 Rfe5
36.Qc3 Rc5 37.Qb2 Kg8 38.Qb8+ Kg7 39.Qb2 Kf8 40.Qb8+ Ke7 41.Qb7+ Kf8 42.Qb8+ Kg7
43.Qb2  1/2-1/2

[Event "Quebeck op"]
[Site "Quebec"]
[Date "1994.??.??"]
[Round "5"]
[White "Barbeau, Sylvain"]
[Black "Ivanov, Igor V"]
[Result "1-0"]
[WhiteElo "2365"]
[BlackElo "2480"]

1.e4 c5 2.Nc3 Nc6 3.g3 g6 4.Bg2 Rb8 5.a4 Bg7 6.d3 d6 7.Nf3 Bg4 8.h3 Bxf3
9.Bxf3 e6 10.Bg2 Nge7 11.O-O O-O 12.Ne2 Nd4 13.c3 Nxe2+ 14.Qxe2 a6 15.Bg5 Re8
16.h4 Qc7 17.h5 Nc6 18.hxg6 hxg6 19.f4 b5 20.axb5 axb5 21.Qd2 b4 22.f5 bxc3
23.bxc3 Rb3 24.fxg6 fxg6 25.Bf6 Ne5 26.Bh3 Bxf6 27.Rxf6 Kg7 28.Raf1 Rh8 29.Bxe6 Rb1
30.Qa2 Rhb8 31.Rxg6+ Kxg6 32.Rxb1 Nxd3 33.Bf5+ Kg7 34.Rxb8 Qxb8 35.Qe6 Ne5
36.Qe7+ Nf7 37.Be6 Qb1+ 38.Kh2 Qf1 39.Qxf7+ Qxf7 40.Bxf7 Kxf7 41.g4  1-0

[Event "Quebeck op"]
[Site "Quebec"]
[Date "1994.??.??"]
[Round "6"]
[White "Ivanov, Igor V"]
[Black "Reeve, Jeff"]
[Result "1-0"]
[WhiteElo "2480"]
[BlackElo "2185"]

1.d4 Nf6 2.c4 c5 3.d5 b5 4.cxb5 a6 5.bxa6 g6 6.Nc3 Bxa6 7.Nf3 d6 8.g3 Bg7
9.Bh3 Nbd7 10.O-O O-O 11.Qc2 Ne8 12.Rd1 Nc7 13.a4 Rb8 14.e4 Rb4 15.Bd2 Ne5
16.Nxe5 Bxe5 17.Rab1 Qb8 18.b3 Bc8 19.Bxc8 Rxc8 20.Na2 Rb6 21.Rdc1 e6 22.b4 exd5
23.bxc5 dxc5 24.Rxb6 Qxb6 25.Qxc5 Qb2 26.Qc2 Qxc2 27.Rxc2 dxe4 28.Rc4 f5
29.Bc3 Bd6 30.Bb4 Be5 31.Bc3 Bd6 32.Ba5 Kf7 33.Nc3 Ke6 34.Nb5 Kd7 35.Nxd6 Kxd6
36.f3 exf3 37.Kf2 Kd7 38.Rxc7+ Rxc7 39.Bxc7 Kxc7 40.Kxf3 Kb6 41.Kf4 Ka5 42.Kg5 Kxa4
43.h4 Kb5 44.Kh6  1-0

[Event "Quebeck op"]
[Site "Quebec"]
[Date "1994.??.??"]
[Round "7"]
[White "Ross, David"]
[Black "Ivanov, Igor V"]
[Result "0-1"]
[WhiteElo "2350"]
[BlackElo "2480"]

1.d4 Nf6 2.Nf3 g6 3.c4 Bg7 4.g3 O-O 5.Bg2 d6 6.Nc3 Nbd7 7.O-O c6 8.e4 e5
9.h3 Qb6 10.c5 dxc5 11.dxe5 Ne8 12.e6 fxe6 13.Ng5 Ne5 14.f4 Nf7 15.Nxf7 Bd4+
16.Kh2 Rxf7 17.e5 Bxc3 18.bxc3 Qc7 19.Qa4 b6 20.Be3 Bb7 21.Rad1 Ng7 22.g4 Raf8
23.Qe4 c4 24.Qxc4 c5 25.Bxb7 Qxb7 26.a4 Rd7 27.Rxd7 Qxd7 28.Rf2 Qc6 29.Rg2 Rd8
30.Rd2 Rxd2+ 31.Bxd2 Qf3 32.Be1 h5 33.gxh5 gxh5  0-1

[Event "Reno op"]
[Site "Reno"]
[Date "1994.??.??"]
[Round "?"]
[White "Yedidia, Jonathan"]
[Black "Ivanov, Igor V"]
[Result "0-1"]
[WhiteElo "2360"]
[BlackElo "2480"]

1.e4 g6 2.d4 Bg7 3.Nc3 d6 4.Bg5 c6 5.Qd2 h6 6.Be3 Nf6 7.f3 b5 8.Bd3 Nbd7
9.a4 b4 10.Nd1 a5 11.Ne2 c5 12.c3 Ba6 13.Bxa6 Rxa6 14.cxb4 axb4 15.O-O h5
16.Nf2 O-O 17.Rfc1 Qa5 18.Nd3 Rd8 19.Qe1 Rc6 20.dxc5 dxc5 21.Nxb4 Rb6 22.Nd3 Qa6
23.Bxc5 Qxd3 24.Bxb6 Nxb6 25.Rd1 Qe3+ 26.Qf2 Rxd1+ 27.Rxd1 Qb3 28.Rd8+ Kh7
29.a5 Nbd7 30.a6 Qxb2 31.Ng3 Qa1+ 32.Qf1 Qa5 33.Ra8 Nb6 34.Ra7 Nfd7 35.Qd1 Ne5
36.Kh1 Nc8 37.Ra8 Qc7 38.h3 Nc4 39.a7 N4b6 40.Rxc8 Qxc8 41.Qb3 Qc1+ 42.Kh2 h4
43.Ne2 Qc7+ 44.f4 Qxa7 45.Qxf7 Qd7 46.f5 Qd6+ 47.Kh1 g5 48.Qh5+ Qh6 49.Qf7 Qf6
50.Qh5+ Bh6 51.Nd4 Nc4 52.Ne6 Ne3 53.Kg1 g4 54.Nd4 gxh3 55.gxh3 Qg7+ 56.Qg6+ Qxg6+
57.fxg6+ Kxg6 58.Kf2 Nc4  0-1

[Event "CAN-op"]
[Site "Winnipeg"]
[Date "1994.??.??"]
[Round "2"]
[White "Yip, Michael"]
[Black "Ivanov, Igor V"]
[Result "1/2-1/2"]
[WhiteElo "2080"]
[BlackElo "2485"]

1.d4 Nf6 2.c4 c5 3.d5 e5 4.Nc3 d6 5.e4 g6 6.f3 Nh5 7.Be3 Be7 8.Qd2 h6 9.Bd3 Bg5
10.Nge2 Bxe3 11.Qxe3 Qg5 12.Qxg5 hxg5 13.g3 Na6 14.a3 Ke7 15.Kf2 Bd7 16.Nb5 f5
17.h4 g4 18.fxg4 fxg4 19.Kg2 Raf8 20.Raf1 Bxb5 21.cxb5 Nc7 22.Nc3 Rxf1 23.Rxf1 Ne8
24.Nd1 Nef6 25.Ne3 Rg8 26.Rc1 Kd7 27.Rc4 Kc7 28.Ra4  1/2-1/2

[Event "CAN-op"]
[Site "Winnipeg"]
[Date "1994.??.??"]
[Round "5"]
[White "Ivanov, Igor V"]
[Black "Johnstone, Glenn"]
[Result "1-0"]
[WhiteElo "2480"]
[BlackElo "2305"]

1.d4 e6 2.c4 d5 3.Nf3 Nf6 4.Bg5 Nbd7 5.cxd5 exd5 6.e3 c6 7.Nc3 Bd6 8.Bd3 O-O
9.Qc2 h6 10.Bh4 Re8 11.O-O-O Nf8 12.Kb1 Bg4 13.h3 Bh5 14.g4 Bg6 15.g5 Bh5
16.gxf6 Bxf3 17.Rhg1 g5 18.Bxg5 hxg5 19.Rxg5+ Kh8 20.Rdg1 Nd7 21.Be2 Qxf6
22.Bxf3 Qxf3 23.R1g4 Qh1+ 24.Nd1 Qxh3 25.Qf5  1-0

[Event "CAN-op"]
[Site "Winnipeg"]
[Date "1994.??.??"]
[Round "6"]
[White "Tukmakov, Vladimir B"]
[Black "Ivanov, Igor V"]
[Result "1-0"]
[WhiteElo "2570"]
[BlackElo "2480"]

1.d4 g6 2.Nf3 Bg7 3.c4 c5 4.e4 cxd4 5.Nxd4 Nc6 6.Be3 Nf6 7.Nc3 Ng4 8.Qxg4 Nxd4
9.Qd1 Ne6 10.Rc1 Qa5 11.Bd3 b6 12.O-O Bb7 13.f4 O-O 14.a3 Bd4 15.Bxd4 Nxd4
16.Nb5 Nxb5 17.cxb5 a6 18.Rc7 Bc8 19.bxa6 b5 20.Qc2 Bxa6 21.Rxd7 Rfd8 22.Rxd8+ Rxd8
23.Rd1 b4 24.Bxa6 Qb6+ 25.Kh1 Rxd1+ 26.Qxd1 Qxa6 27.axb4 Qc4 28.Qe1 Qc2 29.e5 Qxb2
30.e6 fxe6 31.Qxe6+ Kf8 32.Qe1 Ke8 33.h3 Qd4 34.Qh4 Qxb4 35.Qxh7 Qe4 36.Qg8+ Kd7
37.Qb8 Ke6 38.Kh2 Qe3 39.Qg8+ Kf6 40.Qf8+ Ke6 41.Qh6 Kf7 42.Qg5 Qd3 43.Qe5 e6
44.Qc7+ Kf6 45.Qb8 Kf7 46.Qe5 Qd2 47.Qc7+ Kf6 48.Qb8 Kf7 49.Qb7+ Kf6 50.Qb8 Kf7
51.Qb7+ Kf6 52.Kg3 Qc3+ 53.Kg4 Qc2 54.Kh4 Qd2 55.Qe4 Kf7 56.Qb7+ Kf6 57.Qe4 Qd8
58.g4 Kf7+ 59.Kg3 Qb6 60.Qe5 Qg1+ 61.Kh4 Qb6 62.Qc3 Qb8 63.Qd4 Qc7 64.Qe5 Qe7+
65.g5 Qd8 66.Qb2 Qe7 67.Qh8  1-0

[Event "CAN-op"]
[Site "Winnipeg"]
[Date "1994.??.??"]
[Round "7"]
[White "Ivanov, Igor V"]
[Black "Lindsay, Fred"]
[Result "1-0"]
[WhiteElo "2480"]
[BlackElo "2320"]

1.c4 Nf6 2.Nf3 c5 3.Nc3 d5 4.cxd5 Nxd5 5.e3 e6 6.d4 cxd4 7.exd4 Be7 8.Bd3 Nc6
9.O-O O-O 10.Re1 Nf6 11.a3 b6 12.Bc2 Qd6 13.Bg5 Rd8 14.Ne5 Nxd4 15.Bxf6 Bxf6
16.Bxh7+ Kf8 17.Qh5 Bxe5 18.Rxe5 Bb7 19.Rae1 Rac8 20.Bb1 f6 21.Qh8+ Kf7 22.Bg6+  1-0

[Event "CAN-op"]
[Site "Winnipeg"]
[Date "1994.??.??"]
[Round "8"]
[White "Stone, Raymond"]
[Black "Ivanov, Igor V"]
[Result "1-0"]
[WhiteElo "2355"]
[BlackElo "2480"]

1.d4 Nf6 2.c4 g6 3.Nc3 Bg7 4.e4 d6 5.Be2 O-O 6.Nf3 e5 7.O-O exd4 8.Nxd4 Re8
9.f3 c6 10.Kh1 Nbd7 11.Bg5 Qb6 12.Nb3 a5 13.Qd2 a4 14.Be3 Qb4 15.Nd4 Nb6
16.Nc2 Qa5 17.b4 Qa6 18.Na3 Nfd7 19.Rac1 c5 20.Ncb5 Rd8 21.Nc7 Qa7 22.Nab5 Qb8
23.Nxa8 Nxa8 24.Bf4 Be5 25.Bxe5 dxe5 26.bxc5 Nc7 27.Qd6 Ne6 28.Rfd1 Rf8 29.c6 bxc6
30.Qxc6 Ndc5 31.Rb1 Bb7 32.Qb6 Rc8 33.Qa7 Qxa7 34.Nxa7 Rf8 35.Nb5 f5 36.exf5 gxf5
37.Kg1 e4 38.Nd4 Nf4 39.Rb5 Rd8 40.Re1 Rxd4 41.Rxc5 Rd2 42.Bf1 Nxg2 43.Bxg2 exf3
44.Bxf3 Bxf3 45.Rxf5 Bc6  1-0

[Event "CAN-op"]
[Site "Winnipeg"]
[Date "1994.??.??"]
[Round "9"]
[White "Ivanov, Igor V"]
[Black "Teodoro, Eduardo"]
[Result "1-0"]
[WhiteElo "2480"]
[BlackElo "2230"]

1.d4 Nf6 2.c4 c6 3.Nc3 d5 4.Nf3 g6 5.cxd5 cxd5 6.Bf4 Bg7 7.e3 O-O 8.h3 Nc6
9.Bd3 Re8 10.O-O Nh5 11.Bh2 a6 12.Rc1 e5 13.dxe5 Nxe5 14.Be2 Nc4 15.Qxd5 Nxb2
16.Qb3 Nd3 17.Rcd1 Be6 18.Qxb7 Bxc3 19.Rxd3 Qa5 20.Nd4 Bc4 21.Rdd1 Qxa2 22.Bxc4 Qxc4
23.Nc6 Nf6 24.Rc1 Ne4 25.Be5 Qc5 26.Bd4 Qa3 27.Ne5 f6 28.Rxc3  1-0

[Event "Mid-America Class op"]
[Site "Chicago"]
[Date "1995.??.??"]
[Round "2"]
[White "Ivanov, Igor V"]
[Black "Langreck, John"]
[Result "1/2-1/2"]
[WhiteElo "2475"]
[BlackElo "2195"]

1.d4 Nf6 2.c4 g6 3.Nc3 Bg7 4.e4 d6 5.Be2 O-O 6.Nf3 e5 7.d5 a5 8.Bg5 h6 9.Bh4 Na6
10.Nd2 Qe8 11.a3 Bd7 12.b3 Nh7 13.Rb1 f5 14.f3 Nf6 15.Bf2 Nc5 16.Qc2 fxe4
17.fxe4 Bg4 18.O-O Bxe2 19.Nxe2 Ng4 20.Bxc5 dxc5 21.Qd3 h5 22.h3 Nf6 23.Qe3 Qe7
24.Nf3 Nh7 25.Nc1 b6 26.Nd3 Rf7 27.b4 axb4 28.axb4 cxb4 29.Nxb4 Re8 30.Nc6 Qf8
31.Nh4 Rxf1+ 32.Rxf1 Qd6 33.Na7 Rf8 34.Nb5 Rxf1+ 35.Kxf1 Qe7 36.Nf3 Bf6 37.Qa3 Qxa3
38.Nxa3 Be7 39.Nb5 Bd6 40.Ke2 Kf7 41.Na7 g5 42.Nc6 Kf6 43.g4 h4 44.c5 bxc5
45.Kd3 Nf8 46.Nd8 Be7 47.Ne6 Nxe6 48.dxe6 Kxe6 49.Kc4 c6 50.Kb3 Bd8 51.Ka4 Kd6
52.Nd2 Ke6 53.Nc4 Bc7 54.Kb3 Bd8 55.Nb2 Be7 56.Kc4 Bd6 57.Nd3 Ke7 58.Ne1  1/2-1/2

[Event "Mid-America Class op"]
[Site "Chicago"]
[Date "1995.??.??"]
[Round "3"]
[White "Fedorowicz, John P"]
[Black "Ivanov, Igor V"]
[Result "1-0"]
[WhiteElo "2545"]
[BlackElo "2475"]

1.e4 c5 2.Nf3 d6 3.d4 cxd4 4.Nxd4 Nf6 5.Nc3 Nc6 6.Bg5 Bd7 7.Qd2 Rc8 8.O-O-O Nxd4
9.Qxd4 Qa5 10.Bd2 g6 11.Kb1 Bg7 12.Nb5 Qd8 13.Qxa7 Rc5 14.a4 Nxe4 15.Bb4 O-O
16.Bxc5 Nxc5 17.Bc4 Bxb5 18.Bxb5 e6 19.c3 Qc7 20.Rhe1 d5 21.a5 Rc8 22.g3 d4
23.cxd4 Nb3 24.Ka2 Qd8 25.d5 Nd4 26.dxe6 fxe6 27.Kb1 Ra8 28.Qb6 Qxb6 29.axb6 Nxb5
30.Rd7 Bd4 31.Rxe6 Bxf2 32.Rxb7 Nd4 33.Rf6 Nf5 34.Rd7 Re8 35.b7 Ba7 36.Ra6 Bb8
37.Rc6 Ne7 38.Rxe7 Rxe7 39.Rc8+ Kg7 40.Rxb8 Kh6 41.h3 Kg5 42.Ka2 h5  1-0

[Event "Mid-America Class op"]
[Site "Chicago"]
[Date "1995.??.??"]
[Round "4"]
[White "Adams, Nick A"]
[Black "Ivanov, Igor V"]
[Result "0-1"]
[WhiteElo "2220"]
[BlackElo "2475"]

1.d4 g6 2.c4 Bg7 3.Nc3 c5 4.d5 Bxc3+ 5.bxc3 f5 6.h4 Qa5 7.Bd2 Nf6 8.Nf3 d6
9.g3 Nbd7 10.Ng5 h6 11.Ne6 Ne5 12.Qb3 Ne4 13.Bg2 Nxd2 14.Kxd2 Bxe6 15.dxe6 O-O
16.Bd5 Rab8 17.a4 f4 18.gxf4 Rxf4 19.f3 Qa6 20.Qb5 Nxc4+ 21.Bxc4 Rxc4 22.Qd7 Qa5
23.Rac1 Qd8 24.Qb5 d5 25.Qb1 Kg7 26.Rcg1 Qe8 27.Rxg6+ Qxg6 28.Rg1 Qxg1 29.Qxg1+ Kf6
30.h5 Kxe6 31.Qg6+ Kd7 32.Qxh6 Rg8 33.f4 Rg2 34.Kd3 Re4 35.c4 Rgxe2 36.cxd5 R4e3+
37.Kc4 Rc2+ 38.Kb5 Rb3+ 39.Ka5 Rb6 40.Qg7 Rcb2 41.Qg4+ Kc7  0-1

[Event "Mid-America Class op"]
[Site "Chicago"]
[Date "1995.??.??"]
[Round "5"]
[White "Ivanov, Igor V"]
[Black "Gurevich, Dmitry"]
[Result "0-1"]
[WhiteElo "2475"]
[BlackElo "2530"]

1.d4 Nf6 2.c4 c5 3.d5 b5 4.cxb5 a6 5.bxa6 g6 6.Nc3 Bxa6 7.g3 d6 8.Nf3 Bg7
9.Bh3 O-O 10.O-O Nbd7 11.Qc2 Nb6 12.Rd1 Ra7 13.Rb1 Bc4 14.e4 Bxa2 15.Nxa2 Rxa2
16.e5 Nfxd5 17.Bg2 Qd7 18.exd6 exd6 19.Qb3 Qa4 20.Qxa4 Rxa4 21.Ne1 Rd4 22.Rxd4 Bxd4
23.Bh6 Rd8 24.Nc2 Bg7 25.Bg5 Bf6 26.Bxd5 Bxg5 27.Rd1 Bf6 28.b3 Kf8 29.Na3 Nxd5
30.Rxd5 Ke7 31.Rd3 d5 32.Nc2 Bb2 33.Kf1 d4 34.Ke2 Rb8  0-1

[Event "New York op"]
[Site "New York"]
[Date "1995.??.??"]
[Round "4"]
[White "Colombo, Alberto"]
[Black "Ivanov, Igor V"]
[Result "0-1"]
[WhiteElo "2135"]
[BlackElo "2475"]

1.d4 Nf6 2.Nf3 e6 3.Bg5 c5 4.e3 Qb6 5.Qc1 Nc6 6.c3 h6 7.Bf4 Nh5 8.Bg3 Nxg3
9.hxg3 d5 10.Nbd2 Bd6 11.Bd3 cxd4 12.exd4 O-O 13.O-O e5 14.dxe5 Nxe5 15.Nxe5 Bxe5
16.Nf3 Bxg3 17.Nd4 Be5 18.Qd2 Bxd4 19.cxd4 Re8 20.Rfe1 Bd7 21.Be2 Bf5 22.Rac1 Rec8
23.Rxc8+ Rxc8 24.Bd1 Rc4 25.Re8+ Kh7 26.Qf4 Qf6 27.Re5 Be4 28.Qe3 Qb6 29.Bb3 Rxd4
30.Qc3 Rd3 31.Qe1 f5  0-1

[Event "American op"]
[Site "USA"]
[Date "1995.??.??"]
[Round "4"]
[White "Ivanov, Igor V"]
[Black "Ekstroem, Roland"]
[Result "1-0"]
[WhiteElo "2475"]
[BlackElo "2430"]

1.d4 d5 2.c4 c6 3.Nf3 Nf6 4.cxd5 cxd5 5.Nc3 Nc6 6.Bf4 Ne4 7.e3 Nxc3 8.bxc3 g6
9.Ne5 Bg7 10.Nxc6 bxc6 11.Qa4 Qd7 12.Rb1 O-O 13.Be2 g5 14.Bg3 f5 15.O-O f4
16.exf4 gxf4 17.Bh4 Qc7 18.c4 Bxd4 19.cxd5 c5 20.Bc4 Kh8 21.Rfe1 Bf5 22.Bxe7 Bxb1
23.Bxf8 Rxf8 24.Rxb1 f3 25.g3 Qe5 26.Qd1 Qh5 27.Qf1 Qg4 28.Rb7 Bxf2+ 29.Qxf2 Qxc4
30.Qb2+ Qd4+ 31.Qxd4+ cxd4 32.Rb4 Kg7 33.Rxd4 Re8 34.d6 Kf6 35.Kf2 Ke5 36.Rd2 Ke4
37.d7 Rd8 38.a4 h5 39.h4 a5  1-0

[Event "American op"]
[Site "USA"]
[Date "1995.??.??"]
[Round "5"]
[White "Remlinger, Larry"]
[Black "Ivanov, Igor V"]
[Result "1/2-1/2"]
[WhiteElo "2465"]
[BlackElo "2475"]

1.d4 g6 2.c4 c5 3.d5 d6 4.e4 e5 5.Bd3 Nd7 6.Nc3 h5 7.Nf3 Bh6 8.Bxh6 Nxh6
9.Qd2 Qf6 10.O-O-O Nb6 11.Rdf1 Bd7 12.b3 h4 13.Ng5 Qe7 14.f4 f6 15.Nf3 Nf7
16.g3 hxg3 17.hxg3 O-O-O 18.Nh4 Rdg8 19.f5 gxf5 20.exf5 Qd8 21.Ne4 Kb8 22.Qf2 Be8
23.Ng6 Rxh1 24.Rxh1 Ng5 25.Kb1 Nxe4 26.Bxe4 Nd7 27.Rh6 Qa5 28.Bc2 a6 29.Qh2 b5
30.Rh8 Rxh8 31.Qxh8 Qe1+ 32.Kb2 b4 33.Qxe8+ Kc7 34.Ne7 Qc3+ 35.Kb1 Qe1+ 36.Kb2 Qc3+
37.Kc1 Qe3+ 38.Kd1 Qf3+ 39.Kc1 Qe3+ 40.Kd1 Qf3+  1/2-1/2

[Event "American op"]
[Site "USA"]
[Date "1995.??.??"]
[Round "6"]
[White "Ivanov, Igor V"]
[Black "Duckworth, William  Mark"]
[Result "1-0"]
[WhiteElo "2475"]
[BlackElo "2330"]

1.Nf3 Nf6 2.c4 c5 3.Nc3 e6 4.e3 d5 5.d4 Nc6 6.cxd5 exd5 7.Bb5 a6 8.Bxc6+ bxc6
9.h3 Qc7 10.O-O Bd6 11.dxc5 Bxc5 12.b3 O-O 13.Bb2 Qe7 14.Rc1 Bd7 15.Na4 Ba7
16.Bd4 Ne4 17.Bxa7 Rxa7 18.Qd4 Rb7 19.Nc5 Nxc5 20.Rxc5 f6 21.Rfc1 Rfb8 22.Qf4 Rb5
23.Nd4 Rxc5 24.Qxb8+ Kf7 25.Rxc5 Qxc5 26.b4 Qc4 27.Qd6 Ke8 28.Nb3 Bf5 29.Na5 Qxa2
30.Nxc6 Kf7 31.Qc7+ Kg6 32.Ne7+ Kg5 33.Qf4+  1-0

[Event "American op"]
[Site "USA"]
[Date "1995.??.??"]
[Round "8"]
[White "Ivanov, Igor V"]
[Black "Watson, John L"]
[Result "1-0"]
[WhiteElo "2475"]
[BlackElo "2395"]

1.d4 Nf6 2.c4 g6 3.Nc3 Bg7 4.e4 d6 5.Nf3 O-O 6.Be2 e5 7.d5 a5 8.Bg5 h6 9.Bh4 Na6
10.O-O Qe8 11.Ne1 g5 12.Bg3 Nxe4 13.Nxe4 f5 14.Bh5 Qe7 15.f3 fxe4 16.fxe4 Rxf1+
17.Kxf1 Nc5 18.Qe2 g4 19.Bxg4 Bxg4 20.Qxg4 Qg5 21.Qxg5 hxg5 22.Nf3 Rf8 23.Ke2 Nxe4
24.Nd2 Nxd2 25.Kxd2 e4 26.Ke3 Re8 27.Rb1 b6 28.b3 Kf7 29.Rh1 Bb2 30.h4 gxh4
31.Bxh4 Ba3 32.Rf1+ Kg8 33.Bf6 Rf8 34.Ke2 Bc5 35.g4 Rf7 36.Rf5 Kh7 37.Bh4 Rd7
38.Rf6 Rg7 39.Rf4 e3 40.Re4 Kg8 41.Re8+ Kh7 42.Re7 Rxe7 43.Bxe7 Kh6 44.Bd8 Kg6
45.Kf3 Kf7 46.Bg5 Bd4 47.Bxe3 Bf6 48.Bd2 Kg6 49.Ke4 Be7 50.a4 Bf8 51.c5 dxc5
52.Bf4 Bd6 53.Bxd6 cxd6 54.Kf4 Kf6 55.g5+ Ke7 56.Ke4 Kd7 57.Kd3  1-0

[Event "Benasque op"]
[Site "Benasque"]
[Date "1996.??.??"]
[Round "9"]
[White "Ivanov, Igor V"]
[Black "Brodsky, Michail"]
[Result "0-1"]
[WhiteElo "2475"]
[BlackElo "2510"]

1.Nf3 Nf6 2.c4 e6 3.d4 b6 4.a3 Bb7 5.Nc3 d5 6.cxd5 exd5 7.g3 Be7 8.Qa4+ c6
9.Bg2 O-O 10.O-O Nbd7 11.Bf4 Nh5 12.Rad1 Nxf4 13.gxf4 f6 14.e3 Kh8 15.Bh3 Qe8
16.Ne2 Qh5 17.Kg2 Rfd8 18.Ng3 Qf7 19.Bg4 Nf8 20.Nf5 Bc8 21.N3h4 Ng6 22.Nf3 Bd7
23.Qc2 Bf8 24.Kh1 Ne7 25.Nd6 Qg8 26.Bxd7 Rxd7 27.Nf5 Qe6 28.Nxe7 Rxe7 29.Rc1 Rc8
30.Nh4 g6 31.f5 Qe4+ 32.Qxe4 Rxe4 33.Ng2 Bd6 34.fxg6 hxg6 35.Rc3 c5 36.dxc5 Rxc5
37.Rxc5 bxc5 38.Rd1 Rc4 39.Ne1 d4 40.exd4 cxd4 41.Kg2 Kg7 42.h3 Kf7 43.b3 Rc7
44.Rxd4 Bxa3 45.Nd3 Be7 46.Rd5 Rc3 47.b4 g5 48.Kf1 Ke6 49.Rd4 f5 50.Ne1 Rxh3
51.Nd3 Rh4 52.f4 Bd6 53.Kg2 Bxf4 54.Nc5+ Kf6 55.Rd7 Rh2+ 56.Kf1 Ra2 57.Rd8 Bg3
58.Rf8+ Ke5 59.Re8+ Kf4 60.Ne6+ Kg4 61.Rg8 Bh4 62.Rg7 f4 63.Rc7 f3 64.Rc1 Rh2
65.Kg1 Bg3 66.Rc4+ Kh5  0-1

[Event "Dallas op"]
[Site "Dallas"]
[Date "1996.??.??"]
[Round "3"]
[White "Ivanov, Igor V"]
[Black "Gurevich, Dmitry"]
[Result "1-0"]
[WhiteElo "2475"]
[BlackElo "2535"]

1.d4 Nf6 2.c4 e6 3.Nf3 c5 4.e3 b6 5.Nc3 cxd4 6.exd4 Bb7 7.a3 d5 8.cxd5 Nxd5
9.Bb5+ Bc6 10.Bd3 Nd7 11.O-O Be7 12.Re1 O-O 13.Bb1 Rc8 14.Qd3 g6 15.Ba2 Nxc3
16.bxc3 Nc5 17.Qe3 Bxf3 18.Qxf3 Na4 19.Bd2 Bg5 20.Bxg5 Qxg5 21.c4 Rfd8 22.Bb3 Qb5
23.Qf6 Rd6 24.Qe5 Qxe5 25.dxe5 Nc5 26.exd6 Nxb3 27.Rad1 Kf8 28.Re3 Nc5 29.g4 Nd7
30.Rd4 Rc5 31.f4 h5 32.Rh3 Ke8 33.gxh5 gxh5 34.Rg3 Nf6 35.Rg5 Rc6 36.Kg2 Kd7
37.Rg7 Ke8 38.Kh3 Rc5 39.Rg5 Rc6 40.Kh4 Kd7 41.Rg7 Ke8 42.h3 Rc5 43.Rg5 Rc6
44.a4 Kd7 45.Rg7 Ke8 46.a5 Rc5 47.Rg5 Rc6 48.axb6 axb6  1-0

[Event "Capps mem op"]
[Site "San Francisco"]
[Date "1996.??.??"]
[Round "5"]
[White "Shipman, Walter"]
[Black "Ivanov, Igor V"]
[Result "0-1"]
[WhiteElo "2365"]
[BlackElo "2475"]

1.d4 Nf6 2.g3 c5 3.d5 b5 4.Bg2 d6 5.e4 g6 6.h3 Bg7 7.e5 dxe5 8.Be3 Nbd7 9.Ne2 O-O
10.O-O Bb7 11.Na3 b4 12.Nc4 e4 13.Nf4 Nb6 14.Na5 Ba6 15.Re1 Rc8 16.Nc6 Qd6
17.a3 b3 18.cxb3 e5 19.Rc1 exf4 20.Bxc5 Qd7 21.Ne7+ Kh8 22.Nxc8 Rxc8 23.Bxb6 axb6
24.Rxc8+ Bxc8 25.gxf4 Bf8 26.Qd4 Qd6 27.Rxe4 Kg8 28.Re3 Bf5 29.Rc3 Nh5 30.Rc6 Qd7
31.d6 Bxh3 32.Bxh3 Qxh3 33.d7 Qg4+ 34.Kf1 Qf3 35.Ke1 Nxf4 36.Kd2 Qxc6 37.d8=Q Ne6
38.Q8xb6 Nxd4 39.Qxd4 h5 40.b4 Qh1 41.b5 h4 42.b6 h3 43.Qd7 Qf3 44.b7 Qxf2+
45.Kd3 Qxb2 46.Qc8 Qxa3+ 47.Kc2 h2  0-1

[Event "Irvine op"]
[Site "Irvine"]
[Date "1997.??.??"]
[Round "1"]
[White "Busquets, Luis"]
[Black "Ivanov, Igor V"]
[Result "0-1"]
[WhiteElo "2265"]
[BlackElo "2510"]

1.e4 e6 2.d4 d5 3.Nc3 Bb4 4.e5 c5 5.a3 Bxc3+ 6.bxc3 Ne7 7.Qg4 cxd4 8.Qxg7 Rg8
9.Qxh7 Nbc6 10.Nf3 Qc7 11.Kd1 dxc3 12.Ng5 Qxe5 13.Qxf7+ Kd7 14.Bf4 Qd4+ 15.Ke1 e5
16.Be3 Qg4 17.Be2 Qf5 18.g4 Qxc2 19.Nh7 Kc7 20.Nf6 Rd8 21.Bf3 d4 22.Bxc6 dxe3
23.Qxe7+ Kxc6 24.Qxd8 Qxf2+  0-1

[Event "Irvine op"]
[Site "Irvine"]
[Date "1997.??.??"]
[Round "6"]
[White "Ivanov, Igor V"]
[Black "Altounian, Levon"]
[Result "1-0"]
[WhiteElo "2510"]
[BlackElo "2420"]

1.d4 d6 2.Nf3 Nf6 3.c4 g6 4.Nc3 Bg7 5.e4 O-O 6.Be2 Na6 7.O-O e5 8.Be3 c6
9.d5 Ng4 10.Bg5 f6 11.Bd2 f5 12.Bg5 Nf6 13.exf5 gxf5 14.dxc6 bxc6 15.Qd2 Qe7
16.Rad1 Rd8 17.Rfe1 Be6 18.Bf1 Qf7 19.g3 Nc5 20.b4 Nce4 21.Nxe4 fxe4 22.Bxf6 exf3
23.Bxd8 Rxd8 24.Rxe5 Bxc4 25.Qg5 Rd7 26.Bxc4 Qxc4 27.Re8+  1-0

[Event "US-op"]
[Site "Las Vegas"]
[Date "1997.??.??"]
[Round "1"]
[White "Ivanov, Igor V"]
[Black "Meyer, Paul"]
[Result "1-0"]
[WhiteElo "2565"]
[BlackElo "2100"]

1.d4 Nf6 2.c4 g6 3.Nc3 Bg7 4.e4 d6 5.Nf3 O-O 6.Be2 e5 7.O-O Nc6 8.d5 Ne7
9.b4 a5 10.bxa5 Rxa5 11.a4 Nd7 12.Ba3 b6 13.Bb4 Ra8 14.a5 Rb8 15.Nb5 Nc5
16.axb6 cxb6 17.Nd2 Bb7 18.Qc2 Qd7 19.Nb3 Ra8 20.Nxc5 dxc5 21.Bc3 Rxa1 22.Rxa1 Ra8
23.Rxa8+ Bxa8 24.Qa4 Bb7 25.Qa7 Nc8 26.Qb8 f6 27.h3 Ba6 28.Nc7 Qa4 29.Nxa6 Qxa6
30.d6  1-0

[Event "US-op"]
[Site "Las Vegas"]
[Date "1997.??.??"]
[Round "2"]
[White "Milbratz, W."]
[Black "Ivanov, Igor V"]
[Result "0-1"]
[WhiteElo "2215"]
[BlackElo "2565"]

1.e4 c5 2.f4 g6 3.Nf3 Bg7 4.Be2 Nc6 5.O-O d5 6.d3 Nf6 7.e5 Ng4 8.h3 Nh6 9.Qe1 Nf5
10.g4 Nfd4 11.Bd1 h5 12.Nxd4 Nxd4 13.e6 fxe6 14.gxh5 gxh5 15.f5 exf5 16.Qg3 Be5
17.Qg6+ Kd7 18.Bg5 Rg8 19.Qxh5 Bf6 20.h4 e6 21.Qf7+ Kd6 22.Rxf5 exf5 23.Bf3 Be6  0-1

[Event "US-op"]
[Site "Las Vegas"]
[Date "1997.??.??"]
[Round "3"]
[White "Ivanov, Igor V"]
[Black "Wang, P."]
[Result "1-0"]
[WhiteElo "2565"]
[BlackElo "2155"]

1.d4 f5 2.Nf3 Nf6 3.g3 g6 4.Bg5 Bg7 5.Nc3 O-O 6.Bg2 d6 7.O-O Qe8 8.Bxf6 Bxf6
9.Nd5 Na6 10.Re1 c6 11.Nxf6+ exf6 12.d5 c5 13.Nd2 b5 14.a4 Nc7 15.e4 Qf7
16.axb5 Nxb5 17.Ra5 a6 18.Nc4 fxe4 19.Rxe4 Bf5 20.Re3 Rfe8 21.c3 Kf8 22.Qa1 Qa7
23.Rxe8+ Kxe8 24.b4 cxb4 25.cxb4 Kf7 26.Bf1 Bc8 27.h4 Kg7 28.h5 Bb7 29.h6+ Kf7
30.Kh2 Rc8 31.Bh3 Rxc4 32.Be6+ Ke7 33.Rxb5 Rc2 34.Qe1 axb5 35.Bf5+ Kf8 36.Bxc2 Bxd5
37.Qc3 Qe7 38.Bd3 Bc4 39.Bxc4 bxc4 40.Qxc4 d5 41.Qd4 Qe5 42.Qc5+ Kf7 43.b5 Ke8
44.b6 Kd7 45.b7 Qb8 46.Qxd5+ Ke7 47.Qc6  1-0